000 02330nam0a2200385 4500
001 RU\NLR\bibl\582371
005 20260406071847.0
010 _a5-8297-0192-8
021 _aRU
_b2004-32041
_91612
035 _aRSL-KNO-002439523
035 _a(NLR Aleph) 000574366
090 _a1612658
_c1612658
100 _a20040603d2004 |||y0rusy50 ca
101 0 _arus
102 _aRU
105 _aa |||||||||
106 _ar
200 1 _aРусский язык и культура речи
_eучеб. для студентов учреждений сред. проф. образования
_fТ. В. Потемкина, Н. Н. Соловьева
210 _aМ.
_cГардарики
_d2004
_eОАО Можайский полигр. комб.
215 _a254 с.
_cил.
_d22
225 1 _aFundamenta
320 _aБиблиогр. в конце гл.
606 0 _aРусский язык
_jУчебные издания для среднего профессионального образования
_xКультура речи
_91542537
_3RU\NLR\auth\66973867
610 0 _aФилологические науки. Художественная литература -- Языкознание -- Индоевропейские языки -- Славянские языки -- Восточнославянские языки -- Русский язык -- Преподавание и методика изучения языка -- Учебники и учебные пособия по отдельным аспектам языка -- Учебники и пособия по лексике и развитию речи -- Учебные пособия для средних специальных учебных заведений
686 _aШ141.2-933.202.3
_2rubbk
686 _aШ141.12-922.27
700 1 _4070
_8rus
_7ca
_aПотемкина
_bТ. В.
_cд-р пед. наук
_gТатьяна Валерьевна
_3RU\NLR\auth\7751598
_934531
701 1 _4070
_8rus
_7ca
_aСоловьёва
_bН. Н.
_cпедагог, русский язык
_gНаталья Николаевна
_3RU\NLR\AUTH\7729116
_912145
801 0 _aRU
_bRuMoRKP
_c20040603
_grcr
801 1 _aRU
_bRuMoRGB
_c20040603
801 2 _aRU
_bNLR
_c20041210
_gPSBO
830 _aАвт. по кн.
942 _cBOOK
980 _aNB